Las flores del mal / (Record no. 102828)

MARC details
000 -LEADER
campo de control de longitud fija 00867nam a2200277 i 4500
001 - NÚMERO DE CONTROL
campo de control 102828
003 - IDENTIFICADOR DE NÚMERO DE CONTROL
campo de control ES-MaACL
005 - FECHA Y HORA DE LA ÚLTIMA TRANSACCIÓN
campo de control 20230906183208.0
007 - CAMPO FIJO DE DESCRIPCIÓN FÍSICA--INFORMACIÓN GENERAL
campo de control de longitud fija t|
008 - DATOS DE LONGITUD FIJA--INFORMACIÓN GENERAL
campo de control de longitud fija 051213s1976 sp af ||||1| spa d
020 ## - NÚMERO INTERNACIONAL ESTÁNDAR DEL LIBRO
Número Internacional Estándar del Libro 84-7385-003-3
080 ## - NÚMERO DE LA CLASIFICACIÓN DECIMAL UNIVERSAL
Número de la Clasificación Decimal Universal 840-14"19"
080 ## - NÚMERO DE LA CLASIFICACIÓN DECIMAL UNIVERSAL
Número de la Clasificación Decimal Universal 76 Daboval
100 1# - ENTRADA PRINCIPAL--NOMBRE DE PERSONA
Nombre de persona Baudelaire, Charles.
9 (RLIN) 26513
245 14 - MENCIÓN DEL TÍTULO
Título Las flores del mal /
Mención de responsabilidad, etc. Charles Baudelaire ; traducción y prólogo de Alain Kelepikis ; con diez aguafuertes originales de Daboval.
260 ## - PUBLICACIÓN, DISTRIBUCIÓN, ETC.
Lugar de publicación, distribución, etc. Madrid :
Nombre del editor, distribuidor, etc. Gisa,
Fecha de publicación, distribución, etc. 1976.
300 ## - DESCRIPCIÓN FÍSICA
Extensión 36 p., [10] h. de lám. :
Otras características físicas il. ;
Dimensiones 54 cm.
490 1# - MENCIÓN DE SERIE
Mención de serie Torculum ;
Designación de volumen o secuencia 6
500 ## - NOTA GENERAL
Nota general Ejemplar numerado de una tirada de 151 ejemplares.
700 1# - ENTRADA AGREGADA--NOMBRE PERSONAL
Nombre de persona Kelepikis, Alain.
9 (RLIN) 67745
700 1# - ENTRADA AGREGADA--NOMBRE PERSONAL
Nombre de persona Daboval.
9 (RLIN) 42404
830 0# - PUNTO DE ACCESO ADICIONAL DE SERIE-TÍTULO UNIFORME
Título uniforme Torculum ;
Designación de volumen o secuencia 6
9 (RLIN) 184690
852 ## - LOCALIZACIÓN
Ubicación ES-MaACL
Número de control de estantería GF-58
Holdings
Estatus retirado Estado de pérdida Estado de daño No para préstamo Biblioteca de origen Biblioteca actual Ubicación en estantería Fecha de adquisición Fuente de adquisición Total de préstamos Signatura topográfica completa Código de barras Visto por última vez Precio de reemplazo Tipo de ítem Koha
        Biblioteca del Ateneo de Madrid Biblioteca del Ateneo de Madrid Depósito 2 17/01/2008     GF-58 1107346 23/02/2023 23/02/2023 Libro impreso